Foundations of future electronics / (Record no. 14601)
[ view plain ]
| 000 -LEADER | |
|---|---|
| fixed length control field | 01211cam a22003131 4500 |
| 001 - CONTROL NUMBER | |
| control field | 14601 |
| 003 - CONTROL NUMBER IDENTIFIER | |
| rucl marc code | BD-RjUL |
| 005 - DATE AND TIME OF LATEST TRANSACTION | |
| control field | 20211208235646.0 |
| 008 - FIXED-LENGTH DATA ELEMENTS--GENERAL INFORMATION | |
| fixed length control field | 140206s1961 nyua b 001 0 eng |
| 035 ## - SYSTEM CONTROL NUMBER | |
| System control number | (BD-RjUL)14654 |
| 040 ## - CATALOGING SOURCE | |
| Original cataloging agency | DLC/ICU |
| Transcribing agency | ICU |
| Modifying agency | DLC |
| -- | BD-RjUL |
| Language of cataloging | eng |
| 041 ## - LANGUAGE CODE | |
| Language code of text/sound track or separate title | eng |
| 082 00 - DEWEY DECIMAL CLASSIFICATION NUMBER | |
| Classification number | 537.5 |
| Author mark and year | FOU |
| 245 10 - TITLE STATEMENT | |
| Title | Foundations of future electronics / |
| Statement of responsibility, etc. | A.R. von Hippel [and others] Edited by David B. Langmuir [and] W.D. Hershberger. |
| 260 ## - PUBLICATION, DISTRIBUTION, ETC. (IMPRINT) | |
| Place of publication, distribution, etc. | New York : |
| Name of publisher, distributor, etc. | McGraw-Hill, |
| Date of publication, distribution, etc. | 1961. |
| 300 ## - PHYSICAL DESCRIPTION | |
| Pagination | ix, 514 p. |
| Illustrations | illus. |
| Size | 24 cm. |
| 490 1# - SERIES STATEMENT | |
| Series statement | University of California. Engineering and sciences extension series |
| 500 ## - GENERAL NOTE | |
| General note | "Lectures ... presented in 1959-1960 under the auspices of University Extension in four locations in the State of California." |
| 504 ## - BIBLIOGRAPHY, ETC. NOTE | |
| Bibliography, etc | Includes bibliographies and index. |
| 650 #0 - SUBJECT ADDED ENTRY--TOPICAL TERM | |
| Topical term or geographic name as entry element | Electrons. |
| 9 (RLIN) | 45513 |
| Topical term or geographic name as entry element | Matter |
| General subdivision | Constitution. |
| 9 (RLIN) | 25294 |
| Topical term or geographic name as entry element | Electronics. |
| 9 (RLIN) | 45514 |
| 700 1# - ADDED ENTRY--PERSONAL NAME | |
| Personal name | Hershberger, W. D. |
| Fuller form of name | (William Delmar), |
| Dates associated with a name | 1903- |
| Relator term | joint ed. |
| Personal name | Langmuir, David B., |
| 830 #0 - SERIES ADDED ENTRY--UNIFORM TITLE | |
| Uniform title | University of California engineering and sciences extension series. |
| 942 ## - ADDED ENTRY ELEMENTS (KOHA) | |
| Source of classification or shelving scheme | Dewey Decimal Classification |
| Koha item type | Books |
| Lost status | Source of classification or shelving scheme | Damaged status | Not for loan | Collection code | Permanent Location | Current Location | Shelving location | Date acquired | Source of acquisition | Cost, normal purchase price | Total Checkouts | Full call number | Date last seen | Copy number | Koha item type |
|---|---|---|---|---|---|---|---|---|---|---|---|---|---|---|---|
| Dewey Decimal Classification | Not For Loan | Non-fiction | Central Library, University of Rajshahi | Central Library, University of Rajshahi | Reading Room | 07/05/1964 | Zeitlinger | 83.60 | 537.5 FOU 1961 | 06/02/2014 | C-1 | Books |